LEADER 02416nas 2200709-a 450 001 996251337603316 005 20240116213021.0 011 $a1552-3519 035 $a(DE-599)ZDB2036843-4 035 $a(OCoLC)38950021 035 $a(CKB)954925396425 035 $a(CONSER)--2004214785 035 $a(EXLCZ)99954925396425 100 $a19980414a19659999 s-- a 101 0 $aeng 135 $aurmnu|||||||| 181 $ctxt$2rdacontent 182 $cc$2rdamedia 183 $acr$2rdacarrier 200 10$aEducational administration quarterly 210 $aThousand Oaks, CA $cSage Publications 215 $a1 online resource 300 $aRefereed/Peer-reviewed 311 $a0013-161X 517 3 $aEAQ 531 $aEDUC ADMIN QUART 531 $aEDUC ADM Q 531 $aEDUC. ADMIN. Q 606 $aSchool management and organization$zUnited States$vPeriodicals 606 $aSchool management and organization$vPeriodicals 606 $aEducation 606 $aSchools$xorganization & administration 606 $aAdministration scolaire$zÉtats-Unis$vPériodiques 606 $aAdministration scolaire$vPériodiques 606 $aSchool management and organization$2fast$3(OCoLC)fst01107575 606 $aOnderwijsmanagement$2gtt 606 $aAdministration scolaire$2rasuqam 606 $aLeadership éducationnel$2rasuqam 606 $aPolitique éducative$2rasuqam 607 $aUnited States$2fast$1https://id.oclc.org/worldcat/entity/E39PBJtxgQXMWqmjMjjwXRHgrq 607 $aÉtats-Unis$2rasuqam 608 $aPeriodicals.$2fast 608 $aPeriodicals.$2lcgft 608 $aPériodique électronique (Descripteur de forme)$2rasuqam 608 $aRessource Internet (Descripteur de forme)$2rasuqam 610 $aEducation 615 0$aSchool management and organization 615 0$aSchool management and organization 615 12$aEducation 615 12$aSchools$xorganization & administration 615 6$aAdministration scolaire 615 6$aAdministration scolaire 615 7$aSchool management and organization. 615 17$aOnderwijsmanagement. 615 17$aAdministration scolaire. 615 17$aLeadership éducationnel. 615 7$aPolitique éducative. 676 $a371.2 906 $aJOURNAL 912 $a996251337603316 996 $aEducational administration quarterly$92100452 997 $aUNISA LEADER 01943nam 2200445z- 450 001 9910346946803321 005 20210211 010 $a1000091208 035 $a(CKB)4920000000101054 035 $a(oapen)https://directory.doabooks.org/handle/20.500.12854/43879 035 $a(oapen)doab43879 035 $a(EXLCZ)994920000000101054 100 $a20202102d2019 |y 0 101 0 $aeng 135 $aurmn|---annan 181 $ctxt$2rdacontent 182 $cc$2rdamedia 183 $acr$2rdacarrier 200 00$aConsideration of runouts by the evaluation of fatigue experiments 210 $cKIT Scientific Publishing$d2019 215 $a1 online resource (XVI, 189 p. p.) 225 1 $aBerichte zum Stahl- und Leichtbau / Karlsruher Institut für Technologie, Versuchsanstalt für Stahl, Holz und Steine, Stahl- und Leichtbau 311 08$a3-7315-0900-8 330 $aIn EC3, the fatigue life of a steel structure subjected to a cyclic load is estimated by its detail category. This category is based on the S-N, curves which are obtained by applying the Basquin model. Statistically, this model does not allow extrapolating the S-N curves in the HCF region, neither does it consider the runouts. This affects the fatigue life estimation when a structure bears loading in HCF. To overcome these deficiencies, a new method based on a Weibull distribution is applied. 606 $aTechnology: general issues$2bicssc 610 $aCyclic Loading 610 $aDurchla?ufern 610 $aErmu?dung 610 $aFatigue 610 $aRunouts 610 $aS-N Curves 610 $aWeibull 610 $aWo?hlerkurven 610 $azyklische Beanspruchung 615 7$aTechnology: general issues 700 $aToasa Caiza$b Paul Dario$4auth$01323449 906 $aBOOK 912 $a9910346946803321 996 $aConsideration of runouts by the evaluation of fatigue experiments$93035568 997 $aUNINA